Modely oceňování kapitálových aktiv a český akciový trh
Investor potrebuje pre svoje rozhodnutie o nákupe alebo predaji cenných papierov odhad budúcich výnosov. Štandardne má k dispozícii dva nástroje: fundamentálnu a technickú analýzu. Súčasná teória trhu cenných papierov pracuje s niekoľkými modelmi oceňovania kapitálových aktív: model oceňovania kapit...
Salvato in:
| Autore principale: | |
|---|---|
| Natura: | Capitolo di libro |
| Lingua: | ceco |
| Soggetti: | |
| Tags: |
Nessun Tag, puoi essere il primo ad aggiungerne!!
|
MARC
| LEADER | 00000naa a2200000 4500 | ||
|---|---|---|---|
| 001 | r026394 | ||
| 005 | 20230922092313.7 | ||
| 041 | 0 | |a cze | |
| 044 | |a CZ | ||
| 245 | 1 | 0 | |a Modely oceňování kapitálových aktiv a český akciový trh |c Martin Sommer |
| 520 | |a Investor potrebuje pre svoje rozhodnutie o nákupe alebo predaji cenných papierov odhad budúcich výnosov. Štandardne má k dispozícii dva nástroje: fundamentálnu a technickú analýzu. Súčasná teória trhu cenných papierov pracuje s niekoľkými modelmi oceňovania kapitálových aktív: model oceňovania kapitálových aktív, teória arbitrážneho oceňovania, trhový model. Trhový model na českom akciovom trhu. | ||
| 610 | 2 | 0 | |a trh kapitálový |
| 610 | 2 | 0 | |a analýza fundamentálna |
| 610 | 2 | 0 | |a analýza technická |
| 610 | 2 | 0 | |a oceňovanie |
| 610 | 2 | 0 | |a modely |
| 610 | 2 | 0 | |a aktíva |
| 610 | 2 | 0 | |a Česko |
| 610 | 2 | 0 | |a koeficient beta |
| 610 | 2 | 0 | |a koeficient alfa |
| 610 | 2 | 0 | |a koeficient korelácie |
| 610 | 2 | 0 | |a teória trhu |
| 610 | 2 | 0 | |a papiere cenné |
| 100 | 1 | |a Sommer, Martin | |